| 000 | 00696nam a2200241 i 4500 | ||
|---|---|---|---|
| 001 | 5427 | ||
| 003 | ES-MaACL | ||
| 005 | 20250903023017.0 | ||
| 007 | t| | ||
| 008 | 880615s1987 sp ||||1| spa d | ||
| 020 | _a84-7288-013-3 | ||
| 080 | _a51:621-52 | ||
| 080 | _a621-52:51 | ||
| 100 | 1 |
_aBalbás, Alejandro. _924836 |
|
| 245 | 1 | 0 |
_aProgramación matemática / _cAlejandro Balbás, José Antonio Gil. |
| 260 |
_aMadrid : _bAC, _cD.L.1987. |
||
| 300 |
_aXI, 237 p. ; _c24 cm. |
||
| 504 | _aBibliografía. | ||
| 650 | 1 | 7 |
_aProgramación matemática _2embne _916467 |
| 700 | 1 |
_aGil, José Antonio. _956738 |
|
| 852 |
_aES-MaACL _jL-12109 _bR.115131 _z. - Rust. |
||
| 999 |
_c5427 _d5427 |
||